Introducción a la ingeniería y al diseño en la ingeniería / (Record no. 7997)

000 -CABECERA
fixed length control field 01039nam a22002537a 4500
003 - IDENTIFICADOR DEL NÚMERO DE CONTROL
control field AR-CdUCM
008 - DATOS DE LONGITUD FIJA--INFORMACIÓN GENERAL
fixed length control field 190322b ||||| |||| 00| 0 spa d
020 ## - NÚMERO INTERNACIONAL ESTÁNDAR DEL LIBRO
ISBN 968-18-0176-8
040 ## - FUENTE DE LA CATALOGACIÓN
Agencia/entidad que catalogó originalmente la obra MUNICIPALIDAD PROVINCIAL DEL CUSCO
Entidad que transcribió la catalogación BIBLIOTECA MUNICIPAL DEL CUSCO
082 ## - NÚMERO DE LA CLASIFICACIÓN DECIMAL DEWEY
No. de la edición 2ed.
No. de Clasificación 620.004 /
Notacion interna K92
100 ## - ENTRADA PRINCIPAL--NOMBRE DE PERSONA
Nombre Personal Krick, Edward V.
245 ## - MENCIÓN DE TÍTULO
Título Introducción a la ingeniería y al diseño en la ingeniería /
260 ## - PUBLICACIÓN, DISTRIBUCIÓN, ETC.
Lugar de publicación, distribución, etc. Mexico :
Nombre de la editorial, distribuidor, etc. Limusa,
Fecha de publicación, distribución, etc. 1976.
300 ## - DESCRIPCIÓN FÍSICA
Nº de Páginas Extensión 240 paginas ;
Otros detalles físicos Ilustraciones, formulas, cuadros,
Dimensiones 23 cm.
505 ## - NOTA DE CONTENIDO CON FORMATO
Nota de contenido formateada Contenido : Objetivos -- Problemas de ingeniería -- Los orígenes de la ingeniería moderna -- Cualidades del ingeniero competente -- Representación por modelos...
650 ## - PUNTO DE ACCESO ADICIONAL DE MATERIA--TÉRMINO DE MATERIA
Descriptor Ingeniería
9 (RLIN) 10043
650 ## - PUNTO DE ACCESO ADICIONAL DE MATERIA--TÉRMINO DE MATERIA
Descriptor Diseño de la ingeniería
9 (RLIN) 22591
650 ## - PUNTO DE ACCESO ADICIONAL DE MATERIA--TÉRMINO DE MATERIA
Descriptor Ramas de la ingeniería
9 (RLIN) 22592
700 ## - PUNTO DE ACCESO ADICIONAL--NOMBRE DE PERSONA
Nombre Personal Paniagua B., Francisco (Traductor)
9 (RLIN) 22593
942 ## - ELEMENTOS DE PUNTO DE ACCESO ADICIONAL (KOHA)
Fuente de clasificación
Tipo de item Libros-BMC
945 ## - PROCESAMIENTO DE INFORMACIÓN LOCAL (OCLC)
Catalogador wnts
Holdings
Estado de retiro (separado) Fuente de clasificación o esquema de estanterías Estado dañado Ubicación Sala donde se ubica Nombre de la colección Fecha de adquisición o compra Costo, precio normal en soles Signatura topográfica Código de Barras Última vez visto (Koha) Tipo de ítem (Koha)
No     Sala Ciencias Sala Ciencias Book Cart 2019-03-22 60.00 620.004 / K92 SC0000000974 2019-03-22 Libros-BMC

Powered by Koha